000
00318nam a2200109 a 4500
005
20200930073636.0
008
111003s1982 000 spa d
100
_a
Serra, Nidia
_9
29116
245
0
_a
Arte infantil en un siglo de luz.
260
_a
San Pedro de Macorís, República Dominicana,
_c
1982.
999
_c
33819
_d
33819
040
_a
DO-SdBNP